| 000 | 00577cam a2200193 a 4500 | ||
|---|---|---|---|
| 001 | 000001016 | ||
| 005 | 20200929145451.0 | ||
| 008 | 721201s1969 sp r 000 0 spa | ||
| 040 |
_aDO-SdBNP _bspa _cBNPHU |
||
| 082 |
_a863 _bF363h |
||
| 100 | 1 |
_aFernández Santos, Jesús _93532 |
|
| 245 | 1 | 3 |
_aEl hombre de los santos / _cJesús Fernández Santos. |
| 260 |
_aBarcelona : _bDestino, _c1969. |
||
| 300 |
_a288 p. ; _c19 cm. |
||
| 490 | 1 |
_aAncora y delfín _v320 |
|
| 650 | 4 |
_aNovela española _91123 |
|
| 650 | 4 |
_aLiteratura española _9632 |
|
| 830 | 0 |
_aAncora y delfín _n320 _93533 |
|
| 999 |
_c995 _d995 |
||